Normal view MARC view

Entry Nombre personal

Number of records used in: 1

001 - NÚMERO DE CONTROL

  • campo de control: 238891

003 - IDENTIFICADOR DE NÚMERO DE CONTROL

  • campo de control: SpMaBN

005 - FECHA Y HORA DE LA ÚLTIMA TRANSACCIÓN

  • campo de control: 20250825030246.0

008 - ELEMENTOS DE DATO DE LONGITUD-FIJA

  • campo de control de longitud fija: 080307n|#azznnaabn |a aaa ##

024 8# - IDENTIFICADOR DE OTROS ESTÁNDARES

  • Número estándar o código: https://data.cervantesvirtual.com/person/41068

024 7# - IDENTIFICADOR DE OTROS ESTÁNDARES

  • Número estándar o código: http://viaf.org/viaf/83493775/
  • Fuente: viaf

024 7# - IDENTIFICADOR DE OTROS ESTÁNDARES

  • Número estándar o código: https://isni.org/isni/0000000116799169
  • Fuente: isni

024 7# - IDENTIFICADOR DE OTROS ESTÁNDARES

  • Número estándar o código: http://www.wikidata.org/entity/Q5665373
  • Fuente: wikidata

040 ## - FUENTE DE CATALOGACIÓN

  • Centro catalogador/agencia de origen: SpMaBN
  • Lengua de catalogación: spa
  • Centro/agencia transcriptor: SpMaBN
  • Normas de descripción: rdc
  • Convención/Normas de encabezamiento de materia/tesauro: embne

046 ## - FECHAS CON CODIFICACIÓN ESPECIAL

  • Fecha de nacimiento: 1974

100 1# - ENCABEZAMIENTO-NOMBRE DE PERSONA

  • Nombre de persona: Pedregosa, Alejandro,
  • Fechas asociadas al nombre: 1974-

370 ## - LUGAR ASOCIADO

  • Lugar de nacimiento: Granada, España
  • Fuente de información: (Wikidata)
  • Número de control del registro de autoridad o número normalizado: XX450834

374 ## - OCUPACIÓN

  • Ocupación: Novelistas
  • Ocupación: Poetas
  • Ocupación: Escritores
  • Fuente de información: Wikidata

375 ## - GÉNERO/SEXO

  • Género: Masculino
  • Fuente de información: Wikidata

377 ## - IDIOMA ASOCIADO

  • Término de lengua/lenguaje: Español

400 1# - TRAZADO DE VÉASE--NOMBRE DE PERSONA

  • Nombre de persona: Pedregosa Morales, Alejandro,
  • Fechas asociadas al nombre: 1974-

670 ## - FUENTE DE DATOS ENCONTRADOS

  • Cita de la fuente: Paisaje quebrado, 2005
  • Información encontrada: port. (Alejandro Pedregosa) solapa (n. 1974, en Granada; poeta y escritor)

670 ## - FUENTE DE DATOS ENCONTRADOS

  • Cita de la fuente: Postales de Grisaburgo y alrededores, 2001
  • Información encontrada: port. (Alejandro Pedregosa Morales)